[Event "ODJM A 2015"]
[Site "Willingen GER"]
[Date "2015.05.24"]
[Round "1"]
[White "Poetsch, Hagen"]
[Black "Tiedemann, Fin Niklas"]
[Result "1-0"]
[Termination "normal"]
[Board "1"]
[WhiteTitle "IM"]
[WhiteElo "2481"]
[BlackElo "1774"]
[WhiteClock "01:20:07"]
[BlackClock "01:08:45"]
[PlyCount "23"]
[WhiteFideId "24615137"]
[BlackFideId "12936936"]
[EventCountry "GER"]
[EventRounds "9"]
[EventType "swiss"]
[EventDate "2015.05.23"]

1. a4 e5 2. a5 d5 3. g3 c5 4. Bg2 Nc6 5. c4 Nge7 6. a6 b6 7. cxd5 Nxd5 8. Qa4
Qd6 9. Nc3 Be6 10. Nf3 f6 11. Nh4 g6 12. Ne4 1-0

[Event "ODJM A 2015"]
[Site "Willingen GER"]
[Date "2015.05.24"]
[Round "1"]
[White "Jacob, Karl"]
[Black "Wenninger, Philipp"]
[Result "0-1"]
[Termination "normal"]
[Board "2"]
[WhiteElo "1826"]
[BlackElo "2268"]
[WhiteClock "00:20:36"]
[BlackClock "00:06:35"]
[PlyCount "78"]
[WhiteFideId "24696684"]
[BlackFideId "4648404"]
[EventCountry "GER"]
[EventRounds "9"]
[EventType "swiss"]
[EventDate "2015.05.23"]

1. Nf3 d5 2. d4 Nf6 3. Bf4 c5 4. e3 Nc6 5. c3 cxd4 6. exd4 Bf5 7. Bd3 Bxd3 8.
Qxd3 e6 9. Nbd2 Bd6 10. Bg3 O-O 11. O-O a6 12. Rae1 Bxg3 13. fxg3 Nd7 14. Qe3
Qe7 15. Re2 b5 16. Qg5 Qxg5 17. Nxg5 h6 18. Ngf3 Rfc8 19. g4 b4 20. cxb4 Nxb4
21. a3 Nd3 22. b3 Nf4 23. Ref2 Ng6 24. Re1 Rc3 25. Kf1 Rac8 26. Ng1 a5 27. Ne2
Rd3 28. Rd1 Rb8 29. Ke1 a4 30. Rf3 Rxf3 31. gxf3 axb3 32. Rb1 b2 33. Nc3 Nf4
34. Kd1 Ra8 35. Nb5 Nd3 36. Ke2 Ra5 37. Kxd3 Rxb5 38. Kc3 Nb6 39. Rxb2 Na4+ 0-1

[Event "ODJM A 2015"]
[Site "Willingen GER"]
[Date "2015.05.24"]
[Round "1"]
[White "Longo, Claudio"]
[Black "Doberitz, Paul"]
[Result "1/2-1/2"]
[Termination "normal"]
[Board "4"]
[WhiteElo "2013"]
[BlackElo "2194"]
[WhiteClock "00:48:18"]
[BlackClock "00:07:34"]
[PlyCount "59"]
[WhiteFideId "12994766"]
[BlackFideId "24646130"]
[EventCountry "GER"]
[EventRounds "9"]
[EventType "swiss"]
[EventDate "2015.05.23"]

1. d4 Nf6 2. c4 c5 3. Nf3 cxd4 4. Nxd4 b6 5. f3 Bb7 6. e4 d6 7. Be3 g6 8. Nc3
Bg7 9. Be2 O-O 10. O-O Nc6 11. Qd2 Nxd4 12. Bxd4 Nd7 13. Rfd1 Bxd4+ 14. Qxd4
Rc8 15. Rac1 Nc5 16. Rc2 Qc7 17. Rcd2 Ne6 18. Qe3 Qc5 19. Kf2 Qe5 20. Kg1 f5
21. Bd3 g5 22. Re1 f4 23. Qf2 Kf7 24. Nd5 h5 25. b3 Rg8 26. Bf1 Rg7 27. a4 g4
28. fxg4 hxg4 29. Qh4 Qg5 30. Qxg5 1/2-1/2

[Event "ODJM A 2015"]
[Site "Willingen GER"]
[Date "2015.05.24"]
[Round "1"]
[White "Steingräber, Kai Uwe"]
[Black "Wieber, Dominik"]
[Result "1/2-1/2"]
[Termination "normal"]
[Board "5"]
[WhiteElo "2195"]
[BlackElo "1851"]
[WhiteClock "00:12:20"]
[BlackClock "00:49:33"]
[PlyCount "73"]
[WhiteFideId "1271602"]
[BlackFideId "24699012"]
[EventCountry "GER"]
[EventRounds "9"]
[EventType "swiss"]
[EventDate "2015.05.23"]

1. d4 d5 2. c4 c6 3. Nf3 Nf6 4. g3 Bf5 5. Bg2 e6 6. O-O Be7 7. Nbd2 Nbd7 8. Qb3
Qb6 9. c5 Qxb3 10. Nxb3 b6 11. cxb6 axb6 12. Bf4 O-O 13. Rfc1 Rfc8 14. Nh4 Bg6
15. Nxg6 hxg6 16. a3 c5 17. Bg5 c4 18. Nd2 c3 19. Rxc3 Rxc3 20. bxc3 Rxa3 21.
Rxa3 Bxa3 22. Nb1 Bd6 23. Bc1 b5 24. Ba3 Ne8 25. e4 Nb6 26. e5 Bxa3 27. Nxa3
Nc7 28. Bf1 Nc4 29. Bxc4 bxc4 30. Kf1 Kh7 31. h4 Kh6 32. f4 Kh5 33. Kg2 Kg4 34.
Kf2 Kh3 35. Kf3 Kh2 36. Kf2 Kh3 37. Kf3 1/2-1/2

[Event "ODJM A 2015"]
[Site "Willingen GER"]
[Date "2015.05.24"]
[Round "1"]
[White "Buhr, Patrick"]
[Black "Riehle, Marco"]
[Result "0-1"]
[Termination "normal"]
[Board "6"]
[WhiteElo "1769"]
[BlackElo "2062"]
[WhiteClock "00:14:11"]
[BlackClock "01:26:06"]
[PlyCount "106"]
[WhiteFideId "16206436"]
[BlackFideId "12904392"]
[EventCountry "GER"]
[EventRounds "9"]
[EventType "swiss"]
[EventDate "2015.05.23"]

1. c4 c5 2. g3 Nf6 3. Bg2 d5 4. cxd5 Nxd5 5. Nc3 Nc7 6. Nf3 Nc6 7. O-O e5 8. d3
Be7 9. Be3 O-O 10. Qc2 Be6 11. Nd2 Qd7 12. Nce4 b6 13. Rfc1 Nd5 14. Nc4 Rac8
15. Bd2 f6 16. a3 Nd4 17. Qd1 b5 18. e3 Nf5 19. Na5 Nb6 20. b4 c4 21. dxc4 Nxc4
22. Nxc4 Bxc4 23. Qe1 Nh6 24. Bc3 f5 25. Nd2 e4 26. Nxc4 bxc4 27. Rc2 Qa4 28.
Qe2 Qa6 29. Bb2 Bf6 30. Bxf6 Rxf6 31. Bf1 Rfc6 32. a4 R6c7 33. b5 Qf6 34. Rac1
c3 35. Qd1 Ng4 36. h3 Ne5 37. Qd5+ Kh8 38. a5 h5 39. Be2 Rc5 40. Qb3 h4 41. Kg2
hxg3 42. fxg3 Nd3 43. Rd1 Qe5 44. b6 axb6 45. axb6 Rb5 46. Qa4 Rxb6 47. Bxd3
exd3 48. Rxd3 Rb2 49. Rxb2 cxb2 50. Rb3 Rc2+ 51. Kf3 Qd5+ 52. e4 fxe4+ 53. Qxe4
Rf2+ 0-1

[Event "ODJM A 2015"]
[Site "Willingen GER"]
[Date "2015.05.24"]
[Round "1"]
[White "Kardoeus, David"]
[Black "Biefel, Christian"]
[Result "1-0"]
[Termination "normal"]
[Board "7"]
[WhiteElo "2176"]
[BlackElo "1769"]
[WhiteClock "00:12:30"]
[BlackClock "00:06:33"]
[PlyCount "79"]
[WhiteFideId "12912050"]
[BlackFideId "24692646"]
[EventCountry "GER"]
[EventRounds "9"]
[EventType "swiss"]
[EventDate "2015.05.23"]

1. e4 c6 2. d4 d5 3. e5 c5 4. dxc5 e6 5. a3 Nc6 6. Nf3 Bxc5 7. b4 Bb6 8. Bb5
Bd7 9. c4 dxc4 10. Bxc4 Qc7 11. Qe2 Nge7 12. Bb2 Ng6 13. Nbd2 Rc8 14. O-O a6
15. Rac1 Qb8 16. Rfd1 Bc7 17. Re1 O-O 18. Ba2 Rfd8 19. Nc4 b5 20. Ncd2 Be8 21.
Nb3 Ncxe5 22. Nxe5 Nxe5 23. Rxc7 Qxc7 24. Bxe5 Qc4 25. Qxc4 Rxc4 26. Nc5 Rc2
27. Bb3 Rcd2 28. Bc3 R2d6 29. Nb7 Rc6 30. Nc5 a5 31. Bd1 Rc7 32. Be5 Ra7 33.
bxa5 Rd5 34. Nb3 Bd7 35. Bf3 Rd3 36. Bb8 Rxb3 37. Bxa7 Rxa3 38. Rd1 Be8 39. Rd8
Ra1+ 40. Bd1 1-0

[Event "ODJM A 2015"]
[Site "Willingen GER"]
[Date "2015.05.24"]
[Round "1"]
[White "Heldt, Nils-Lennart"]
[Black "Falke, Isaak"]
[Result "1/2-1/2"]
[Termination "normal"]
[Board "8"]
[WhiteElo "1844"]
[BlackElo "2020"]
[WhiteClock "01:18:17"]
[BlackClock "00:06:25"]
[PlyCount "43"]
[WhiteFideId "12952109"]
[BlackFideId "24614483"]
[EventCountry "GER"]
[EventRounds "9"]
[EventType "swiss"]
[EventDate "2015.05.23"]

1. d4 d5 2. c4 c6 3. Nf3 Nf6 4. Nc3 dxc4 5. a4 Bf5 6. e3 e6 7. Bxc4 Bb4 8. O-O
Nbd7 9. Qe2 Bg6 10. e4 Bxc3 11. bxc3 Nxe4 12. Ba3 Nxc3 13. Qb2 Nxa4 14. Qxb7
Nab6 15. Ba6 Be4 16. Ne5 Nxe5 17. dxe5 Rb8 18. Qxa7 Ra8 19. Qb7 Rb8 20. Be7 Ra8
21. Qxb6 Qc8 22. Qb7 1/2-1/2

[Event "ODJM A 2015"]
[Site "Willingen GER"]
[Date "2015.05.24"]
[Round "1"]
[White "Oberhofer, Cédric"]
[Black "Glaser, Maximilian"]
[Result "1-0"]
[Termination "normal"]
[Board "9"]
[WhiteElo "2136"]
[BlackElo "1721"]
[PlyCount "62"]
[WhiteFideId "12941220"]
[BlackFideId "12956961"]
[EventCountry "GER"]
[EventRounds "9"]
[EventType "swiss"]
[EventDate "2015.05.23"]

1. e4 e6 2. d4 c5 3. Nf3 cxd4 4. Nxd4 Nc6 5. Nc3 Nf6 6. Ndb5 Bb4 7. a3 Ba5 8.
Nd6+ Ke7 9. Be3 Bxc3+ 10. bxc3 b6 11. Qd2 Rb8 12. Be2 Bb7 13. Bf4 Kf8 14. Nxb7
Rxb7 15. Ba6 Nxe4 16. Qe3 Nc5 17. Bd6+ Kg8 18. Bxc5 Rb8 19. Bd6 h6 20. Bxb8
Qxb8 21. O-O d5 22. f4 g6 23. Bb5 Ne7 24. Qe5 Qc8 25. Kh1 Qc5 26. Be8 Nf5 27.
Bxf7+ Kxf7 28. Qxh8 Ne3 29. Qd4 Nxf1 30. Qxc5 Ng3+ 31. hxg3 bxc5 1-0

[Event "ODJM A 2015"]
[Site "Willingen GER"]
[Date "2015.05.24"]
[Round "1"]
[White "Denkert, Robert"]
[Black "Boes, Julian"]
[Result "1-0"]
[Termination "normal"]
[Board "10"]
[WhiteElo "1737"]
[BlackElo "1936"]
[PlyCount "111"]
[WhiteFideId "12957216"]
[BlackFideId "12907723"]
[EventCountry "GER"]
[EventRounds "9"]
[EventType "swiss"]
[EventDate "2015.05.23"]

1. e4 e6 2. d4 d5 3. exd5 exd5 4. Bd3 Nf6 5. Ne2 Bd6 6. Bf4 O-O 7. Nbc3 Bg4 8.
f3 Bh5 9. Qd2 Bg6 10. O-O-O c6 11. g4 b5 12. h4 Bxd3 13. Qxd3 Re8 14. h5 Bxf4+
15. Nxf4 Qe7 16. g5 Nfd7 17. Qf5 Nb6 18. g6 fxg6 19. Nxg6 Qf6 20. Qxf6 gxf6 21.
Nh4 b4 22. Rhg1+ Kh8 23. Nb1 Na6 24. Nf5 Nc4 25. Rde1 Nc7 26. Nd2 Nb5 27. Nxc4
dxc4 28. Kd2 Rxe1 29. Rxe1 Rd8 30. Re4 c5 31. Ke3 cxd4+ 32. Nxd4 f5 33. Nxf5
Rc8 34. Re5 a6 35. Re6 c3 36. b3 Na3 37. Nd4 Kg7 38. Rxa6 Re8+ 39. Kd3 Re1 40.
Rb6 Rd1+ 41. Ke3 Rd2 42. Rxb4 Nxc2+ 43. Nxc2 Rxc2 44. a4 Rh2 45. Rc4 c2 46. Kd3
Rxh5 47. Rxc2 Rh3 48. Ke4 Rh4+ 49. f4 h5 50. Kf5 Rh3 51. Rc7+ Kf8 52. Rb7 h4
53. a5 Rh1 54. a6 h3 55. a7 Ra1 56. Rb8+ 1-0

[Event "ODJM A 2015"]
[Site "Willingen GER"]
[Date "2015.05.24"]
[Round "1"]
[White "Zahn, Benno"]
[Black "Hoppe, Andreas"]
[Result "1-0"]
[Termination "normal"]
[Board "11"]
[WhiteElo "2056"]
[BlackElo "1767"]
[PlyCount "63"]
[WhiteFideId "24636070"]
[BlackFideId "12922811"]
[EventCountry "GER"]
[EventRounds "9"]
[EventType "swiss"]
[EventDate "2015.05.23"]

1. e4 e6 2. d4 d5 3. Nd2 Nf6 4. e5 Nfd7 5. Bd3 c5 6. c3 Nc6 7. Ne2 cxd4 8. cxd4
f6 9. exf6 Qxf6 10. Nf3 h6 11. O-O Bd6 12. Nc3 O-O 13. Be3 Rd8 14. Rc1 Nf8 15.
Re1 Bd7 16. Qd2 Be8 17. h3 Bh5 18. Nh2 Bg6 19. Ng4 Qf7 20. Bxh6 Nxd4 21. Bxg6
Qxg6 22. Qxd4 gxh6 23. Nb5 a6 24. Nxd6 Rxd6 25. Rc7 Nd7 26. Rxd7 Rxd7 27. Nf6+
Kf7 28. Nxd7 Qg5 29. Ne5+ Ke7 30. Qc5+ Kf6 31. Ng4+ Kf7 32. Qc7+ 1-0

[Event "ODJM A 2015"]
[Site "Willingen GER"]
[Date "2015.05.24"]
[Round "1"]
[White "Udaykumar, Arunn Mark"]
[Black "Böhning, Kilian"]
[Result "0-1"]
[Termination "normal"]
[Board "12"]
[WhiteElo "1824"]
[BlackElo "2016"]
[PlyCount "118"]
[WhiteFideId "12965456"]
[BlackFideId "1270499"]
[EventCountry "GER"]
[EventRounds "9"]
[EventType "swiss"]
[EventDate "2015.05.23"]

1. e4 d5 2. exd5 Qxd5 3. Nc3 Qa5 4. d4 Nf6 5. Bd2 c6 6. Ne4 Qc7 7. Nxf6+ exf6
8. Bc4 Bd6 9. Qe2+ Qe7 10. Qxe7+ Kxe7 11. Ne2 Bf5 12. c3 Re8 13. O-O Kf8 14.
Ng3 Bg6 15. f4 b5 16. Be2 Rxe2 17. Nxe2 Bd3 18. Rfe1 Nd7 19. Ng3 Nb6 20. Ne4
Be7 21. Re3 Bc4 22. b3 Bd5 23. Rae1 f5 24. Ng3 Be6 25. Nxf5 Bf6 26. Ng3 Nd5 27.
Rd3 a5 28. f5 Bd7 29. c4 Nb4 30. Bxb4+ axb4 31. cxb5 cxb5 32. Re2 Rd8 33. d5 h5
34. Rf2 Re8 35. Kf1 h4 36. Ne2 Rc8 37. g4 hxg3 38. Nxg3 Rc1+ 39. Kg2 Bd8 40.
Ne2 Re1 41. Rd2 Bg5 42. Rd3 Bd8 43. Ng3 Bb6 44. Rf1 Re5 45. Kh3 g6 46. Kg2 gxf5
47. Rd2 Be3 48. Rd3 f4 49. Kf3 Rg5 50. Ne4 Bg4+ 51. Kg2 Rg6 52. Rxe3 fxe3 53.
Re1 f5 54. h3 Bh5+ 55. Kf1 e2+ 56. Kf2 fxe4 57. Ke3 Ke7 58. Kxe4 Rf6 59. Kd4
Rf1 0-1

[Event "ODJM A 2015"]
[Site "Willingen GER"]
[Date "2015.05.24"]
[Round "1"]
[White "Kappelmann, Florian"]
[Black "Quante, Lennart"]
[Result "0-1"]
[Termination "normal"]
[Board "14"]
[WhiteElo "1701"]
[BlackElo "2092"]
[PlyCount "70"]
[WhiteFideId "12973165"]
[BlackFideId "12979627"]
[EventCountry "GER"]
[EventRounds "9"]
[EventType "swiss"]
[EventDate "2015.05.23"]

1. d4 Nf6 2. Bf4 g6 3. e3 Bg7 4. Nf3 d6 5. c3 O-O 6. Bc4 a6 7. a4 b6 8. Qc2 Bf5
9. Bd3 Bxd3 10. Qxd3 c5 11. Nbd2 Nbd7 12. O-O e5 13. Bg5 Qc7 14. Rfd1 Rfe8 15.
dxe5 dxe5 16. e4 Qc6 17. Re1 h6 18. Bh4 b5 19. Qc2 c4 20. Bxf6 Bxf6 21. Red1
Nc5 22. axb5 axb5 23. Ne1 Bg5 24. f3 Rxa1 25. Rxa1 Bxd2 26. Qxd2 Nb3 27. Qd1
Nxa1 28. Qxa1 Rd8 29. Qc1 Kg7 30. Nc2 Qd6 31. Na3 Qd1+ 32. Qxd1 Rxd1+ 33. Kf2
Rd2+ 34. Kg3 Rxb2 35. Kh3 Rb3 0-1

[Event "ODJM A 2015"]
[Site "Willingen GER"]
[Date "2015.05.24"]
[Round "1"]
[White "Dittrich, Tom"]
[Black "Hirtreiter, Pierre"]
[Result "0-1"]
[Termination "normal"]
[Board "16"]
[WhiteElo "1762"]
[BlackElo "2027"]
[PlyCount "56"]
[WhiteFideId "12923532"]
[BlackFideId "12966312"]
[EventCountry "GER"]
[EventRounds "9"]
[EventType "swiss"]
[EventDate "2015.05.23"]

1. e4 c5 2. Nf3 d6 3. d4 cxd4 4. Nxd4 Nf6 5. Nc3 a6 6. f3 e5 7. Nb3 Be6 8. Be3
Be7 9. Qd2 O-O 10. O-O-O Nbd7 11. g4 b5 12. g5 b4 13. Ne2 Nh5 14. Ng3 Nf4 15.
h4 a5 16. Bxf4 a4 17. Nd4 b3 18. Kb1 exd4 19. cxb3 axb3 20. a3 Ne5 21. Qxd4 Qc7
22. Rc1 Qa5 23. Bxe5 dxe5 24. Qc3 Qb6 25. Qc7 Qf2 26. Qxe5 Rxa3 27. Be2 Ra1+
28. Kxa1 Qa7+ 0-1

[Event "ODJM A 2015"]
[Site "Willingen GER"]
[Date "2015.05.24"]
[Round "1"]
[White "Reisberg, Andre"]
[Black "Döpper, Anna Bérénice"]
[Result "1-0"]
[Termination "normal"]
[Board "17"]
[WhiteElo "1977"]
[BlackElo "1600"]
[PlyCount "193"]
[WhiteFideId "1270630"]
[BlackFideId "1271853"]
[EventCountry "GER"]
[EventRounds "9"]
[EventType "swiss"]
[EventDate "2015.05.23"]

1. d4 Nf6 2. c4 c5 3. d5 e5 4. Nc3 d6 5. Nf3 Be7 6. g3 O-O 7. Bg2 Ne8 8. O-O f5
9. Ne1 Na6 10. f4 e4 11. Nc2 Nac7 12. a3 Bf6 13. Qd2 Bd7 14. Rb1 Rb8 15. b3 b5
16. Bb2 bxc4 17. bxc4 Rb3 18. Rfc1 Qb8 19. Na1 Rb7 20. e3 g6 21. Qc2 Ng7 22.
Nd1 Rb6 23. Bxf6 Rxf6 24. Nc3 Qe8 25. Rxb6 axb6 26. Qb2 Rf8 27. Qxb6 Qb8 28.
Rb1 Qxb6 29. Rxb6 Ra8 30. Nc2 Nge8 31. Bf1 Kf7 32. Rb7 Kf6 33. Be2 Bc8 34. Rb6
Bd7 35. Kf2 Ke7 36. Rb7 Bc8 37. Rb1 Bd7 38. Rb7 Bc8 39. Rb2 Bd7 40. Ra2 Na6 41.
Rb2 Nac7 42. Ke1 Kd8 43. Kd2 Kc8 44. Bd1 Nf6 45. Rb6 Nfe8 46. Nb1 Kd8 47. Kc3
Na6 48. Rb2 Nac7 49. Kb3 Ba4+ 50. Ka2 Kc8 51. Nc3 Bd7 52. Rb6 Ra7 53. Na1 Na6
54. Kb2 Kc7 55. Rb3 Kc8 56. Nb5 Rb7 57. a4 Nb4 58. Be2 Kd8 59. Nc2 Na6 60. Kc3
Kc8 61. Kb2 Kd8 62. Ka3 Kc8 63. Nc3 Ra7 64. Kb2 Nac7 65. Ra3 Na6 66. Nb5 Rb7
67. Kc3 Kb8 68. a5 Kc8 69. Na1 Kb8 70. Nb3 Kc8 71. Nd2 Kd8 72. Nb1 Kc8 73. Kd2
Kd8 74. N1c3 Ke7 75. Na4 Nec7 76. Nxc7 Rxc7 77. Nb6 Rb7 78. Bd1 Kd8 79. Kc3 Kc7
80. Rb3 Ra7 81. Rb1 Nb4 82. Ra1 Bc8 83. Ba4 Ba6 84. Bd7 Kd8 85. Be6 Rc7 86. g4
fxg4 87. Bxg4 Nd3 88. Be6 Ke7 89. Rf1 Kd8 90. f5 Ne5 91. f6 Nf7 92. Rf4 Ra7 93.
Rxe4 Ne5 94. Rf4 Ke8 95. Rf1 Kf8 96. Rb1 Bb7 97. Na4 1-0

[Event "ODJM A 2015"]
[Site "Willingen GER"]
[Date "2015.05.24"]
[Round "1"]
[White "Steffens, Oliver"]
[Black "Paulus, Jeffrey"]
[Result "0-1"]
[Termination "normal"]
[Board "18"]
[WhiteElo "1665"]
[BlackElo "1968"]
[PlyCount "146"]
[WhiteFideId "12947148"]
[BlackFideId "24692468"]
[EventCountry "GER"]
[EventRounds "9"]
[EventType "swiss"]
[EventDate "2015.05.23"]

1. e4 c5 2. Nf3 Nc6 3. Bb5 e6 4. O-O Nge7 5. Re1 a6 6. Bxc6 Nxc6 7. c3 Be7 8.
d4 d6 9. Be3 O-O 10. Qd2 e5 11. Na3 Bg4 12. dxe5 dxe5 13. Qd5 Qc7 14. Qb3 b5
15. Rad1 Rad8 16. Rxd8 Rxd8 17. Rd1 Be6 18. Qc2 Bxa2 19. Rxd8+ Qxd8 20. Qd2
Qxd2 21. Nxd2 Na5 22. Nc2 Nc4 23. Nxc4 Bxc4 24. f3 Bd3 25. Ne1 Bb1 26. Kf2 b4
27. Ke2 bxc3 28. bxc3 c4 29. Kd2 f5 30. Kc1 Ba2 31. exf5 Ba3+ 32. Kd2 a5 33.
Bb6 a4 34. Ba5 Bb1 35. Nc2 Bb2 36. Bb4 h5 37. Ba3 Bxa3 38. Nxa3 Bd3 39. Ke3 Kf7
40. g4 h4 41. g5 Bxf5 42. Nxc4 Ke6 43. f4 exf4+ 44. Kxf4 Bd3 45. Na3 h3 46. Ke3
Bf1 47. Ke4 Bg2+ 48. Kf4 g6 49. Nc4 Bf1 50. Na3 Kd5 51. Kf3 Ke5 52. Nc2 Bd3 53.
Na3 Kf5 54. Kg3 Bf1 55. Kh4 Kf4 56. Nc2 Bd3 57. Nb4 Bf5 58. Nd5+ Ke4 59. c4 a3
60. Kg3 Kd4 61. Kf2 Kxc4 62. Ne3+ Kd3 63. Nxf5 a2 64. Nh4 a1=Q 65. Nxg6 Qb2+
66. Kg3 Qg2+ 67. Kh4 Qxh2 68. Kh5 Qg3 69. Ne7 h2 70. Nf5 h1=Q+ 71. Kg6 Qe5 72.
Nh6 Qhe4+ 73. Kf7 Qe8+ 0-1

[Event "ODJM A 2015"]
[Site "Willingen GER"]
[Date "2015.05.24"]
[Round "1"]
[White "Koch, Yannick"]
[Black "Neumann, Tiemon"]
[Result "1-0"]
[Termination "normal"]
[Board "19"]
[WhiteElo "1892"]
[BlackElo "1664"]
[PlyCount "115"]
[WhiteFideId "24661678"]
[BlackFideId "12925462"]
[EventCountry "GER"]
[EventRounds "9"]
[EventType "swiss"]
[EventDate "2015.05.23"]

1. d4 Nf6 2. c4 g6 3. Nc3 Bg7 4. e4 O-O 5. Be3 d6 6. f3 e5 7. Nge2 a6 8. d5 Nh5
9. g4 Nf4 10. Nxf4 exf4 11. Bxf4 Bxc3+ 12. bxc3 Qf6 13. Qd2 g5 14. Bxg5 Qxf3
15. Bg2 Qxg4 16. O-O Nd7 17. Rf3 Ne5 18. Rg3 Qh5 19. Be7+ Ng6 20. Bxf8 Kxf8 21.
Qg5 Qxg5 22. Rxg5 Nf4 23. Kf2 Bh3 24. Bf3 b5 25. Ke3 Ng6 26. Rb1 Bd7 27. Be2
bxc4 28. Rb7 Rc8 29. Bxc4 Ne5 30. Be2 c6 31. Rxe5 dxe5 32. Rxd7 cxd5 33. Rxd5
Rxc3+ 34. Rd3 Rc6 35. h3 a5 36. Ra3 Rc5 37. Bg4 Ke7 38. Bf5 h6 39. Kf3 Kf6 40.
Kg4 Rb5 41. Kh5 Kg7 42. Rg3+ Kf6 43. Kxh6 Rb2 44. Ra3 Rb5 45. Kh5 Kg7 46. Kg5
Rc5 47. h4 Rb5 48. h5 f6+ 49. Kh4 Rb1 50. Rxa5 Rh1+ 51. Kg4 Kh6 52. Ra7 Rg1+
53. Kf3 Rg8 54. Bg6 Rb8 55. Kg4 f5+ 56. Kxf5 Rb7 57. Ra8 Ra7 58. Rh8+ 1-0

[Event "ODJM A 2015"]
[Site "Willingen GER"]
[Date "2015.05.24"]
[Round "1"]
[White "Recktenwald, Cedric"]
[Black "Leyrer, Thomas"]
[Result "0-1"]
[Termination "normal"]
[Board "20"]
[WhiteElo "1492"]
[BlackElo "1864"]
[PlyCount "124"]
[WhiteFideId "12971928"]
[BlackFideId "12908274"]
[EventCountry "GER"]
[EventRounds "9"]
[EventType "swiss"]
[EventDate "2015.05.23"]

1. e4 e6 2. d4 d5 3. exd5 exd5 4. Bd3 Bd6 5. Nc3 Ne7 6. Nge2 O-O 7. Bg5 c6 8.
Qd2 Qc7 9. Bf4 Re8 10. O-O Bf5 11. Bxd6 Qxd6 12. Ng3 Bxd3 13. Qxd3 Nd7 14. Nce2
Nf6 15. c3 Ng6 16. Rfe1 Re6 17. Kf1 Rae8 18. Ng1 Nf4 19. Qc2 Rxe1+ 20. Rxe1
Rxe1+ 21. Kxe1 Nxg2+ 22. Kf1 Nf4 23. Qf5 Ne6 24. Nh3 h6 25. Kg2 Qd7 26. Qe5 Qc7
27. Qf5 c5 28. Ne2 cxd4 29. cxd4 Qc4 30. Qe5 Qd3 31. Nhf4 Qe4+ 32. Qxe4 dxe4
33. d5 Nxf4+ 34. Nxf4 Kf8 35. d6 Ke8 36. Ne2 Kd7 37. Nd4 Ne8 38. Nf5 Ke6 39.
Kg3 g6 40. d7 Kxd7 41. Nxh6 Nd6 42. Ng4 Ke6 43. Kf4 Nc4 44. b3 Nd2 45. Ne3 f5
46. h3 Nf3 47. Kg3 g5 48. Nc4 f4+ 49. Kg4 Ne5+ 50. Kxg5 Nxc4 51. Kxf4 Nd6 52.
f3 exf3 53. Kxf3 Kf5 54. Ke3 Ke5 55. Kd3 b5 56. b4 Nf5 57. Kc3 Ke4 58. a4 a6
59. Kb3 Kd3 60. Ka3 Kc3 61. Ka2 Kxb4 62. axb5 axb5 0-1

[Event "ODJM A 2015"]
[Site "Willingen GER"]
[Date "2015.05.24"]
[Round "1"]
[White "Becker, Robin"]
[Black "Brunner, Tobias"]
[Result "1-0"]
[Termination "normal"]
[Board "21"]
[WhiteElo "1958"]
[BlackElo "1717"]
[PlyCount "95"]
[WhiteFideId "12955698"]
[BlackFideId "12949833"]
[EventCountry "GER"]
[EventRounds "9"]
[EventType "swiss"]
[EventDate "2015.05.23"]

1. d4 d5 2. Nc3 Nf6 3. Bf4 e6 4. e3 Bd7 5. Nf3 Bb4 6. a3 Bxc3+ 7. bxc3 Ne4 8.
c4 c6 9. Bd3 Qa5+ 10. Kf1 Nf6 11. Qb1 Bc8 12. Bd6 dxc4 13. Bxc4 Qd8 14. Bf4
Nbd7 15. g3 Nb6 16. Bd3 h6 17. c4 Nh5 18. h4 Nxf4 19. gxf4 Nd7 20. Rg1 Qf6 21.
Ne5 Nxe5 22. fxe5 Qxh4 23. Rxg7 Qh1+ 24. Rg1 Qh3+ 25. Ke1 Qh2 26. Ke2 Qh5+ 27.
Kd2 b6 28. Be4 Bb7 29. c5 Qh4 30. Rg3 Qd8 31. Qb4 b5 32. Rag1 Kd7 33. Rg7 Rf8
34. Rh1 a5 35. Qb3 Qe7 36. Rxh6 Rg8 37. Rhh7 Rxg7 38. Rxg7 Rf8 39. Qd1 b4 40.
axb4 axb4 41. Qf3 Qe8 42. Bg6 Qa8 43. Rxf7+ Rxf7 44. Qxf7+ Kc8 45. Qxe6+ Kb8
46. Qg8+ Kc7 47. Qxa8 Bxa8 48. Kc2 1-0

[Event "ODJM A 2015"]
[Site "Willingen GER"]
[Date "2015.05.24"]
[Round "1"]
[White "Engel, Robert"]
[Black "Hartmann, Jakob"]
[Result "0-1"]
[Termination "normal"]
[Board "22"]
[WhiteElo "1718"]
[BlackElo "1914"]
[PlyCount "60"]
[WhiteFideId "12974684"]
[BlackFideId "12918067"]
[EventCountry "GER"]
[EventRounds "9"]
[EventType "swiss"]
[EventDate "2015.05.23"]

1. e4 c5 2. Nf3 Nc6 3. d4 cxd4 4. Nxd4 Nf6 5. f3 Qb6 6. Nb3 e6 7. Nc3 Be7 8.
Qe2 d5 9. exd5 exd5 10. Qb5 Qd8 11. Bf4 O-O 12. O-O-O a6 13. Qd3 Be6 14. Nd4
Nxd4 15. Qxd4 b5 16. g4 Qa5 17. Kb1 Rfc8 18. Bd2 b4 19. Ne2 Bc5 20. Qd3 d4 21.
b3 Qb6 22. g5 Nd5 23. Bc1 a5 24. Bb2 Nc3+ 25. Bxc3 bxc3 26. Nf4 Qb4 27. Ka1 Qa3
28. Rb1 a4 29. Qe2 Qxa2+ 30. Kxa2 axb3# 0-1

[Event "ODJM A 2015"]
[Site "Willingen GER"]
[Date "2015.05.24"]
[Round "1"]
[White "Lüßmann, Thomas"]
[Black "Zesewitz, Maik"]
[Result "1-0"]
[Termination "normal"]
[Board "23"]
[WhiteElo "1911"]
[BlackElo "1604"]
[PlyCount "87"]
[WhiteFideId "1270602"]
[BlackFideId "12905640"]
[EventCountry "GER"]
[EventRounds "9"]
[EventType "swiss"]
[EventDate "2015.05.23"]

1. d4 c5 2. dxc5 e6 3. Nf3 Bxc5 4. g3 Qb6 5. e3 d5 6. Bg2 Nf6 7. O-O O-O 8. Nc3
Qc7 9. Bd2 Bd7 10. a4 a6 11. Nd4 Nc6 12. Nb3 Bb4 13. Re1 Na5 14. Nxa5 Bxa5 15.
Nb1 Rfc8 16. Bxa5 Qxa5 17. Nd2 Qb4 18. Qc1 Qc5 19. c3 b5 20. axb5 axb5 21. Rxa8
Rxa8 22. b4 Qb6 23. Nb3 Bc6 24. Qb2 Nd7 25. h3 h6 26. Bf1 Ne5 27. Be2 Nc4 28.
Qc1 e5 29. Rd1 Rd8 30. Kh2 Nd6 31. Bf3 Nc4 32. Qc2 Rd6 33. Be2 Rf6 34. Bf1 Nd6
35. Bg2 e4 36. Ra1 Nc4 37. Nc5 Ne5 38. Kg1 Rd6 39. Qd1 Bb7 40. Nxb7 Qxb7 41.
Bxe4 Qc7 42. Ra8+ Rd8 43. Qxd5 Rxa8 44. Qxa8+ 1-0

[Event "ODJM A 2015"]
[Site "Willingen GER"]
[Date "2015.05.24"]
[Round "1"]
[White "Schimnatkowski, Lukas"]
[Black "Berger, Nadja"]
[Result "1/2-1/2"]
[Termination "normal"]
[Board "24"]
[WhiteElo "1851"]
[BlackElo "1808"]
[PlyCount "140"]
[WhiteFideId "12936723"]
[BlackFideId "24692212"]
[EventCountry "GER"]
[EventRounds "9"]
[EventType "swiss"]
[EventDate "2015.05.23"]

1. e4 c5 2. Nf3 Nc6 3. d3 g6 4. g3 Bg7 5. Bg2 d6 6. O-O Nf6 7. a4 O-O 8. Na3
Rb8 9. Nc4 Be6 10. Ne3 h6 11. Nd2 Qc8 12. f4 Ng4 13. Ndc4 Nxe3 14. Nxe3 Nd4 15.
c3 Nb3 16. Ra3 Nxc1 17. Qxc1 b5 18. axb5 Rxb5 19. f5 Bd7 20. Nd5 Re8 21. fxg6
fxg6 22. Rxa7 Rb7 23. Rxb7 Qxb7 24. Qd2 Kh7 25. Kh1 Bc6 26. Ne3 Rb8 27. Rb1 Qb3
28. Nd1 Ba4 29. Bf3 Qa2 30. Rc1 Bxd1 31. Bxd1 Rxb2 32. Rc2 Qf7 33. Kg2 Rb8 34.
Qf4 Qb3 35. Rc1 Qa2+ 36. Qf2 Qa3 37. Rc2 Rf8 38. Qd2 Qa8 39. Ra2 Qc6 40. Bb3
Qb7 41. Bc4 Qb1 42. Qe2 Bxc3 43. Ra7 Bf6 44. Qf2 Qd1 45. Qf1 Qh5 46. Qf3 Qe5
47. Qf4 Qb2+ 48. Qf2 Qb6 49. Ra6 Qb7 50. Qa2 Qb4 51. Ra8 Rb8 52. Rxb8 Qxb8 53.
Qb3 Qxb3 54. Bxb3 Kg7 55. Kf3 Be5 56. h3 Kf6 57. g4 g5 58. Ke2 Bf4 59. Kf3 Ke5
60. Ke2 e6 61. Ba2 d5 62. exd5 exd5 63. Bb1 Kd4 64. Ba2 c4 65. dxc4 dxc4 66.
Bb1 c3 67. Bf5 Bd2 68. Bh7 Ke5 69. Kf3 Bc1 70. Bg6 Kd4 1/2-1/2